000 00658cam a2200241 4500
008 011024n2001 000 0 eng u
020 _a0860175634
035 _a(Sirsi) u115274
050 _a658.562
110 _aWS Atkins Consultants Ltd.
_93623
245 _aSustainable construction :Company indicators
260 _aLondon
_bCIRIA
_c2001
300 _a74p. ; 30cm.
350 _a45.00
490 _aCIRIA
_vC563
650 _aBENCHMARKING
650 _aHEALTH AND SAFETY
_96244
650 _aKEY PERFORMANCE INDICATORS
650 _aSUSTAINABLE CONSTRUCTION
650 _aURBAN REGENERATION
690 _aBUILT ENVIRONMENT
942 _n0
999 _c101744
_d101744